000 00333nam a2200133Ia 4500
008 150201s2007 xx 000 0 und d
082 _a616.1
_bR07S
100 _aSHARMA.OP
245 _aRADIOLOGY POSITIONING FOR TECHNICIAN
250 _a1ST
260 _bPEEPEE
_aDELHI
_c2007
650 _aRADIOLOGY & DIAGNOSIS
942 _2ddc
_cBK
_015
999 _c635
_d635